00709nam a2200217 i 4500001000300000100001900003245008700022250002900109260004700138300003500185500003000220650002200250655001800272700002300290020001500313040000800328041000700336080001000343008004100353856009700394bg1 aSWAN, Michael.03aThe new Cambridge English course.n1,pPractice /cMichael Swan, Catherine Walter. a[13th print. 1st publ.]. aCambridge :bCambridge Univ. Press,c1995. a134 s. :bfot., rys. ;c30 cm. a13 dodr. do wyd.1 z 1990. 9aJęzyk angielski aPodręczniki1 aWALTER, Catherine. a0521376491 cBPK0 aen a802.0 s pl f |000 0 pol  uhttp://koha.tu.koszalin.pl/cgi-bin/koha/opac-detail.pl?biblionumber=6936yKatalog online BPK